000
00278nam a22001337a 4500
020
_a
0-380-79367-9
082
_a
823
_b
FOR/S
100
_a
FORD,G M
245
_a
SLOW BURN
260
_a
NEW YORK
_b
AVON BOOOKS
300
_a
300
650
_a
ENGLISH NOVEL
_z
NEW YORK
942
_c
BK
999
_c
3230
_d
3230